000 00511nam a22001817a 4500
003 OSt
008 260606b |||||||| |||| 00| 0 eng d
020 _a9789395700900
082 _a631.5
_bS58M
245 _aModern Agronomy/
_bby Poulami Sil...[et al.]
260 _aDelhi:
_bSatish Serial Publishing House,
_c2024.
300 _ax, 185 p.
650 _aTechnology (Applied sciences)
650 _aAgriculture and related technologies
650 _aAgronomy
700 _aSil, Poulami
942 _2ddc
_cBK
999 _c51632
_d51632